000 00569nam a22001937a 4500
005 20170720145722.0
010 _aENG-119365
020 _a9789350020326
_c395.00
035 _aEN-102897
037 _bDBAD/PUB
082 _a331.880973
100 _aYates, Michael D.
245 _aWhy unions matter /
_cby, Michael D. Yates
260 _aDelhi
_bAakar Books
_c2010
270 _a28 E Pocket IV, Mayur Vihar Phase I
_bDelhi
_e110091
300 _a240p.
_c22cm.(Hb)
500 _aInclude reference and index
942 _2ddc
_cEN
_h331.880973
_mYAT
999 _c142726
_d142726